00944nam a2200229 a 4500001001000000003000500010005001700015008004100032010001100073011001100084040000900095100003100104245012500135260004000260500006000300502013100360650004000491650004000531650003400571650003900605856007000644000113093CHAP20220329144338.0170420s2016 mx sm |||||||spa d a109554 a110526 cCHAP1 aGuerrero Guzmán, Abigail10aAporte nutricional de agua residual tratada en maíz forrajero (Zea mays)h[En línea]cpor Abigail Guerrero Guzmán. aDurango, Méx. :bEl autor,c2016. aPara ver el contenido del material haga clic en la liga aTesis (M.C. en Recursos Naturales y Medio Ambiente en Zonas Áridas) -- UACH. Unidad Regional Universitaria de Zonas Áridas14aAguas residuales como fertilizante.14aAguas residuales para irrigación.14aAguas residualesxNutrientes.14aMaíz como forrajexIrrigación. aFinding aiduhttp://10.13.5.2/tesis/sist113093.pdfzTeclea aquí